000 00541nam a22001937a 4500
003 OSt
005 20170321175602.0
008 170321b xxu||||| |||| 00| 0 eng d
020 _a1843694441
040 _cDDC.
082 _a658.4095BOR 2004
100 _aBorrini-Feyerabend,Grazia;[et.....al]
_911869
245 _aSharing Power;
260 _aIran;
_bNational Resource group;
_c2004.
300 _axxxvi,456p;
_bill:
_c28cm.
504 _aincludes references and bibliography.
650 _ahuman resource.
_95954
942 _2ddc
_cO_SHELF
999 _c5703
_d5703